00587nam a2200181Ia 4500003000500000008004100005020001800046040001900064082000700083100002300090245007000113260004400183300000800227546001200235942001200247999001700259952012900276STCL181203s9999 xx 000 0 und d a9789352025732 aSTCLbENcSTCL 222 aBadgujar, Vivek C. 0aChemical Sciences: CSIR-NET and GATE Topic wise Complete Solution bHomalaya Publishing HouseaMumbaic2015 a367 aEnglish 2ddccBK c86759d86759 00102ddc4070aSTCALbSTCALcGENd2018-12-03l10m4o541.394 BAD-Cp95370r2023-07-31 00:00:00s2023-07-15w2018-12-03yBK